| 000 | 00996nam a2200241 i 4500 | ||
|---|---|---|---|
| 001 | 143053 | ||
| 003 | ES-MaACL | ||
| 005 | 20251220171901.0 | ||
| 007 | t| | ||
| 008 | 070214s1986 sp |||| | spa d | ||
| 020 | _a84-7481-418-9 | ||
| 111 | 2 |
_aSeminario de Historia de la Filosofía Española _n(4º. _d1984. _cSalamanca) _91041 |
|
| 245 | 1 | 0 |
_aActas del IV Seminario de Historia de la Filosofía Española _b: Salamanca, del 24 al 28 de septiembre de 1984 / _ccoordinador del seminario y edición de Antonio Heredia Soriano. |
| 260 |
_aSalamanca : _bUniversidad de Salamanca : _bDiputación Provincial, _c1986. |
||
| 300 |
_a710 p. ; _c24 cm. |
||
| 490 | 1 | _aActa salmanticensia. 184. Filosofía y letras | |
| 650 | 4 |
_aFilosofía- _zEspaña- _vCongresos y asambleas. _9139496 |
|
| 700 | 1 |
_aHeredia Soriano, Antonio. _962700 |
|
| 710 | 2 |
_aUniversidad de Salamanca. _97275 |
|
| 830 | 0 | 0 |
_aActa Salmanticensia _9181394 |
| 852 |
_aES-MaACL _jL-11242 |
||
| 999 |
_c143053 _d143053 |
||